Manual SEPA de periodoncia y terapéutica de implantes : (Registro nro. 1771)

Detalles MARC
000 -CABECERA
campo de control de longitud fija 01842nam a2200241Ia 4500
003 - IDENTIFICADOR DEL NÚMERO DE CONTROL
campo de control AR-RoIUNI
005 - FECHA Y HORA DE LA ÚLTIMA TRANSACCIÓN
campo de control 20241122062915.0
007 - CAMPO FIJO DE DESCRIPCIÓN FÍSICA--INFORMACIÓN GENERAL
campo de control de longitud fija ta
008 - DATOS DE LONGITUD FIJA--INFORMACIÓN GENERAL
campo de control de longitud fija 150616s2005 sp r 000 0 spa d
020 ## - NÚMERO INTERNACIONAL ESTÁNDAR DEL LIBRO
Número Internacional Estándar del Libro 8479038799
040 ## - FUENTE DE LA CATALOGACIÓN
Centro/agencia transcriptor AR-RoIUNI
Lengua de catalogación spa
080 ## - NÚMERO DE LA CLASIFICACIÓN DECIMAL UNIVERSAL
Número de la Clasificación Decimal Universal 616.311.2-089.843
245 00 - MENCIÓN DE TÍTULO
Título Manual SEPA de periodoncia y terapéutica de implantes :
Resto del título fundamentos y guía práctica /
Mención de responsabilidad, etc. directores, José Javier Echeverría García y Juan Blanco Carrión ; coordinadores, Adrián Guerrero Segura y Mariano Herrero Climent ; directores de sección, Pedro Bullón Fernández.
260 ## - PUBLICACIÓN, DISTRIBUCIÓN, ETC. (PIE DE IMPRENTA)
Lugar de publicación, distribución, etc. Buenos Aires :
Nombre del editor, distribuidor, etc. Médica Panamericana,
Fecha de publicación, distribución, etc. 2005.
300 ## - DESCRIPCIÓN FÍSICA
Extensión XVIII, 475 p. :
Dimensiones il. col. y n. ;
Otras características físicas 28 cm
504 ## - NOTA DE BIBLIOGRAFÍA, ETC.
Bibliografía, etc. Incluye bibliografía e índice.
505 0# - NOTA DE CONTENIDO CON FORMATO
Nota de contenido con formato Área periodoncia. Sección 1. salud y enfermedades periodontales: exámen, diagnóstico, pronóstico y clasificación -- Sección 2. Gingivitis -- Sección 3. Periodontitis crónica -- Sección 4. Periodontitis agresiva -- Sección 5. Enfermedades periodontales de aparición aguda -- Sección 6. Agrandamientos gingivales -- Sección 7. Gingivitis descamativa crónica -- Sección 8. Cirugía plástica periodontal -- Sección 9. Prevención y mantenimiento -- Sección 10. Tratamiento periodontal en un entorno multidisciplinario -- Área implantes. Sección 1. Osteointegración, diseño de implantes y sus implicaciones biológicas -- Sección 2. Diagnóstico y planificación terapéutica -- Sección 3. El desdentado total -- Sección 4. El desdentado parcial -- Sección 5. Técnicas de aumento de disponibilidad ósea -- Sección 6. Complicaciones en la rehabilitación maxilar mediante implantes osteointegrados -- Sección 7. Resultados y mantenimiento.
650 #0 - PUNTO DE ACCESO ADICIONAL DE MATERIA--TÉRMINO DE MATERIA
Término de materia o nombre geográfico como elemento inicial Odontología
9 (RLIN) 546
650 #4 - PUNTO DE ACCESO ADICIONAL DE MATERIA--TÉRMINO DE MATERIA
Término de materia o nombre geográfico como elemento inicial PERIODONCIA
650 #4 - PUNTO DE ACCESO ADICIONAL DE MATERIA--TÉRMINO DE MATERIA
Término de materia o nombre geográfico como elemento inicial IMPLANTES DENTALES
700 1# - PUNTO DE ACCESO ADICIONAL--NOMBRE DE PERSONA
Nombre de persona Echeverría, José Javier.
942 ## - ELEMENTOS DE PUNTO DE ACCESO ADICIONAL (KOHA)
Tipo de ítem Koha Libros
Fuente del sistema de clasificación o colocación Clasificación Decimal Universal
Existencias
Estado de retiro Estado de pérdida Fuente del sistema de clasificación o colocación Estado dañado Excepción de préstamo Código de colección Localización permanente Ubicación/localización actual Ubicación en estantería Fecha de adquisición Número de inventario Total de préstamos Signatura topográfica completa Código de barras Fecha visto por última vez Fecha del último préstamo Número de copia Precio válido a partir de Tipo de ítem Koha
    Clasificación Decimal Universal     Odontología BIBLIOTECA RIOBAMBA BIBLIOTECA RIOBAMBA DEPOSITO Biblioteca Central 16/06/2015 1772 2 616.311.2-089.843 MAN 1772 08/11/2024 23/10/2024 1 16/06/2015 Libros